000 00543nam a2200193Ia 4500
005 20250923150257.0
008 008 250917s9999 xx 000 0 eng d
037 _aTextual
040 _aDSWL
_beng
_cDSWL
041 _aeng
_2eng
084 _aYX;5-x7, P8
_qDSWL
245 0 _aUnderstanding global social policy
_cEd.by Nicola Yeats
260 _aNew Delhi
_b Boolswell Publication
_c2008
300 _a327 p.
365 _aINR
_b995 . 0
925 _g995 . 0
942 _cTEXL
_hYX;5-x7, P8
999 _c1461598
_d1461598